Statistiken für Japan oder China?

Klicken Sie hier um das Quiz zu spielen!

Allgemein

  • Dieses Quiz wurde 460 mal gespielt
  • Das Durchschnittsergebnis liegt bei 12 aus 15

Antwortstatistiken

FrageAntwort% Korrekt
Liegt in AsienBeides
99%
In welchem Land liegt Shanghai?China
97%
In welchem Land liegt Wuhan?China
96%
Die besten und bekanntesten AnimeJapan
95%
In welchem Land liegt Seoul?Nichts von beiden
92%
Das Land besteht aus mehreren InselnJapan
91%
Kung FuChina
86%
Grenzt an RusslandChina
83%
Man trägt in der Schule eine SchuluniformBeides
81%
Grenzt ans japanische MeerBeides
76%
KarateJapan
76%
Black PinkNichts von beiden
74%
JudoJapan
73%
Grenzt an SüdkoreaNichts von beiden
64%
Die verbreitetste Religion ist BuddhismusChina
32%

Verteilung der Resultate

Perzentil nach korrekt beantworteten Fragen

Anzahl Personen mit jedem Resultat

Ihre Resultats-Entwicklung

Sie haben dieses Quiz noch nicht gespielt